000 00613nam a2200205Ia 4500
003 OSt
005 20220901123154.0
008 220901b |||||||| |||| 00| 0 eng d
020 _a0 470 84376 4
040 _cIFM Library
082 _a381.142068
100 _aPapazoglou, Michael P.
_98551
245 _ae-Business
260 _aChichester, West Sussex:
_bJohn Wiley and Sons,
_c2006
300 _axxviii, 722 p. :
_bill.; 24cm.
500 _aIncludes Bibliographical References and Index
650 _aElectronic commerceBusiness enterprises
_91530
700 _aRibbers, Pieter
_98552
942 _cBK
_2ddc
_n0
999 _c2437
_d2437